zpět

Detail výsledku týmu

Pod Jasanem, Rokycany

Datum a čas kvízu

35 Celkem bodů Celkový počet nahraných bodů na tomto kvízu bez doplňovacích otázek.
4. Pořadí na kvízu Konečné umístění týmu na tomto kvízu.

Zaznamenané odpovědi

# Otázka Odpověď Body Výsledky
1. V pondělí odhalil český prezid... C) ze skla 1
2. Který bývalý evropský preziden... Nicolas Sarkozy 1
3. Minulý týden proběhl v Brně me... Straka 1
4. Do Česka přichází nový módní ř... z Japonska 1
5. Který divizní tým vyřadil minu... (FK) Nové Sady 0
6. Gesto, které vidíme na obrázku... 1C 2A 3B 4D 0
7. Gesto na obrázku znamená v mno... o stoletou válku 1
8. Sheldon Cooper v Teorii velkéh... Spocka a tapíra (ještěra) 1
9. Která dvě písmena české dvouru... B, N 1
10. Na výřezu z obrazu francouzské... paroháč (že je mu žena nevěrná) 0